000 00344nam a22001577a 4500
003 OSt
008 240412b |||||||| |||| 00| 0 eng d
020 _a9789355512529
082 _a006.7 ASQ
100 _aASPIN,Adam
245 _aQuerying MariaDB
250 _a1st Ed
260 _aNew Delhi
_bBPB
_c2022
300 _a633
942 _2ddc
_cBK
999 _c12461
_d12461